000 01585nab a22002777a 4500
999 _c5629
_d5629
003 OSt
005 20251223001208.0
008 190429b xxu||||| |||| 00| 0 spa d
040 _cPJ
100 _96603
_aGonzález, Victoria Isabel
245 1 0 _aDesbloqueo de teléfonos celulares mediante la utilización compulsiva de datos biométricos. Vulneración de la privacidad y del derecho de defensa /
_cVictoria Isabel González.
260 _cCiudad Autónoma de Buenos Aires :
_aThomson Reuters La Ley,
_b2025.
300 _ap. 188-193
500 _aCita: TR LALEY AR/DOC/2854/2025.
505 _aSumario: I. Introducción.— II. Desarrollo.— III. Conclusión.
505 _aFallo comentado: CCasacion Penal, Penal Juvenil, Contravencional y de Faltas, Ciudad Autónoma de Buenos Aires, sala IV ~ 12/06/2025 ~ U., A. C. y otros s/ 173 inc. 16 - defraudación mediante técnica de manipulación informática que altere el normal funcionamiento de un sistema informático o la transmisión de datos s/ incidente de apelación.
505 _tSi te interesa el texto completo, solicitalo a koha@justierradelfuego.gov.ar
650 0 _9343
_aDERECHO PENAL
650 0 _9278
_aDELITOS INFORMATICOS
650 0 _92724
_aDERECHO A LA INTIMIDAD
650 0 _9179
_aGARANTIAS CONSTITUCIONALES ›
650 0 _9586
_aDEFENSA EN JUICIO
650 0 _92083
_aRECURSO DE APELACIÓN (PROCESAL)
773 0 _02658
_93164
_tRevista de derecho penal y criminología. Nº 11 - Diciembre 2025
_dCiudad Autónoma de Buenos Aires : Thomson Reuters La Ley, 2017-
_x00347914
942 _2udc
_cANA